000 00563nam a22001935i 4500
001 171960
003 ES-MaACL
005 20230906214758.0
008 090609s1949 sp |||| | spa d
080 _a130.2"18/19"
100 1 _aSosa, Luis de,
_d1902-1971
_9107435
245 1 3 _aLa cultura contemporánea /
_cLuis de Sosa.
250 _a3ª ed.
260 _aMadrid :
_bJefatura Nacional del S.E.M.,
_c1949.
300 _a63 p. ;
_c16 cm.
650 _aCivilización-
_xFilosofía.
_911081
852 _aES-MaACL
_j1792-F-11
999 _c171960
_d171960